Pride & Prejudice (Record no. 66540)
[ view plain ]
| 000 -LEADER | |
|---|---|
| fixed length control field | 00236nam a22001097a 4500 |
| 082 ## - DEWEY DECIMAL CLASSIFICATION NUMBER | |
| Classification number | 823/AUS |
| 100 ## - MAIN ENTRY--AUTHOR NAME | |
| Personal name | Austen,Jane |
| 245 ## - TITLE STATEMENT | |
| Title | Pride & Prejudice |
| 260 ## - PUBLICATION, DISTRIBUTION, ETC. (IMPRINT) | |
| Place of publication | New Delhi |
| Name of publisher | FingerPrint |
| Year of publication | 2023 |
| 650 ## - SUBJECT ADDED ENTRY--TOPICAL TERM | |
| Topical Term | Fiction |
| 942 ## - ADDED ENTRY ELEMENTS (KOHA) | |
| Koha item type | Books |
| Withdrawn status | Lost status | Damaged status | Not for loan | Home library | Current library | Date acquired | Full call number | Accession Number | Price effective from | Koha item type |
|---|---|---|---|---|---|---|---|---|---|---|
| MACL | MACL | 31/12/2023 | 823/AUS | DPI001973 | 31/12/2023 | Books |









